00644nam a2200217 a 4500001001300000003000900013005001700022008004100039020000800080082001600088100001600104245005500120260004300175300000800218500003500226650002000261902000800281942000700289952011300296999001700409nice12345678IN_TiNIC20260116014313.0070411s2006 dela grp 000 0 eng  ac500a346.01bMAT aMathew, P D aRight of Wif, Children and Parents for Maintenance aDelhi bIndian Social Institute c2006 a10p aincludes index and biblioraphy aLaw-Maintenance bSRS cBK 001040708StackRoom-aHMIbHMId2007-04-11g5.00l0o346.01 MATp021720r2007-04-11v5.00w2007-04-11yBK c14724d14724